000 nam a22 a 4500
999 _c148847
_d148847
003 BLK
005 20230202130015.0
008 180410b bul|||||r ||||||| ||bul||
010 _aKNG00155075000
040 _aBLK
041 _aBUL
_cBUL
080 _aСоциография. Социално положение. Условия на политическия и социалния живот. Социално и социално-икономическо положение на отделните страни, народи, раси. Социална география. (Общи въпроси)
_b308
_x(520)
_z308(520)
080 _aКраезнание
_b908
_x(520)
_z908(520)
100 1 _aМирчева, Цветана
_eпърви автор
_9243378
139 _aМирчева, Цветана
_bМ 68
245 1 0 _aЩе ви посрещне Фуджи
_bПисма от Япония до бълг. деца
_cЦветана Мирчева; худож. Димитър Петков.
257 _aBGR
260 _bНар. младеж
_c1983
_aСофия
300 _a148 с.
_bс ил., 8 л. цв. ил.
_c25 см
380 _aDN
500 _a15 000 тир.
650 4 _aЯпония
_9179845
651 4 _aЯпония
_9179845
653 _aЯпония
653 _aписма
700 1 _aПетков, Димитър
_eхудож.
_9365920
852 _aЦб 267596
856 4 _qpdf
_i0.00
_ldisable
856 4 _qpdf
_i0.00
_ldisable
942 _cKNG
_n0
_s1
944 _aCR
_c30.12.2013
_l30.12.2013 - от С1,Р / 30.12.2013
_kДаниел_Канатов
944 _aED
_c30.12.2013
_l30.12.2013 - от С1,Р / 30.12.2013
999 _d148847
999 _d148847